zpět

Detail výsledku týmu

Žlíbka Pub, Jevíčko

Datum a čas kvízu

30 Celkem bodů Celkový počet nahraných bodů na tomto kvízu bez doplňovacích otázek.
5. Pořadí na kvízu Konečné umístění týmu na tomto kvízu.

Zaznamenané odpovědi

# Otázka Odpověď Body Výsledky
1. Rada České televize minulý týd... Sama doma 1
2. Minulý týden se stalo virálním... v záchodové míse 1
3. Po tříleté pauze se na obrazov... Příběh služebnice 0
4. V odborné anketě Světové auto... Kia 0
5. České hokejistky na domácím mi... USA 0
6. Togo a Tonga sice mají podobné... A 0
7. Dříve v Prusku, nyní v Rusku.... Kaliningrad 1
8. Který z těchto států má největ... A 1
9. Kterými úředními jazyky se mlu... angličtinou; španělštinou 0.5
10. Ke kvízu patří i pivo, které s... Turnov; Trutnov 1